[Event "Chennai Murali Mohan Memorial 2nd"]
[Site "Chennai"]
[Date "2023.07.15"]
[Round "3"]
[White "Harsh, Suresh"]
[Black "Sanchith Sundarram, K."]
[Result "1-0"]
[WhiteElo "2110"]
[BlackElo "1373"]
[PlyCount "41"]
[EventDate "2023.07.15"]
[EventType "swiss (rapid)"]
[EventRounds "9"]
[EventCountry "IND"]
[SourceTitle "CBM 215 Extra"]
[Source "ChessBase"]
[SourceDate "2023.09.30"]
[SourceVersion "1"]
[SourceVersionDate "2023.09.30"]
[SourceQuality "1"]

1. d4 d5 2. Nf3 e6 3. Bf4 Nf6 4. c3 Bd6 5. e3 Nc6 6. Nbd2 0-0 7. Bd3 Re8 8. Ne5 h6 9. Qf3 Qe7 10. h4 Bxe5 11. dxe5 Nd7 12. Qg3 Kh8 13. Nf3 Nf8 14. Bg5 Qd7 15. Bf6 Ng6 16. h5 gxf6 17. exf6 e5 18. hxg6 fxg6 19. Rxh6+ Kg8 20. Qxg6+ Kf8 21. Rh8# 1-0